El impuesto a los servicios, prestaciones y otros negocios, cifra de negocios: doctrina, legislación, jurisprudencia administrativa y judicial

Uloženo v:
Podrobná bibliografie
Hlavní autor: Silva Hernández, Luis (Autor)
Médium: Kniha
Jazyk:španělština
Vydáno: Concepción Samver 1969
Témata:
Tagy: Přidat tag
Žádné tagy, Buďte první, kdo vytvoří štítek k tomuto záznamu!

MARC

LEADER 00000nam a2200000 a 4500
001 UCS0535
003 CL-VaPUC
008 970426e19690600CL |||||||||||||||||spa|d
082 0 4 |a 343.055  |b SIL  |2 21 
100 0 |a Silva Hernández, Luis  |e author  |9 384167 
245 1 3 |a El impuesto a los servicios, prestaciones y otros negocios, cifra de negocios: doctrina, legislación, jurisprudencia administrativa y judicial 
300 |a 252 p 
942 |c BK 
945 |d 19970426 00:00:00  |a paguirre 
260 |a Concepción  |b Samver  |c 1969 
650 0 |a Derecho tributario  |9 258895 
650 0 |a Impuestos  |9 255450 
650 7 |a IMPUESTO A LOS SERVICIOS  |2 CL-VaPUC  |9 384098 
650 7 |a SISTEMA TRIBUTARIO  |2 CL-VaPUC  |9 384168 
650 0 |a Impuesto al Valor Agregado (IVA)  |9 258896 
583 |a last modification  |c 19970426 00:00:00  |k Rodrigo Vera 
999 |c 258759  |d 258757 
952 |0 0  |1 0  |4 0  |6 343_055000000000000_SIL_1969  |7 0  |8 A  |9 283050  |a BIBDER  |b BIBDER  |d 2019-11-19  |i 1836587  |o 343.055 SIL 1969  |p 1836587  |r 2023-01-25  |w 2019-11-19  |y BK  |k DER